Ekonomické vzťahy Ruskej federácie a Spolkovej republiky Nemecko diplomová práca

Gespeichert in:
Bibliographische Detailangaben
1. Verfasser: Baleha, Andrianna, 1990-
Körperschaft: Fakulta medzinárodných vzťahov EU. Katedra medzinárodných ekonomických vzťahov a hospodárskej diplomacie
Weitere Verfasser: Raneta, Leonid, 1982-
Format: Buch
Sprache:Slowakisch
Veröffentlicht: Bratislava 2015
Tags: Tag hinzufügen
Keine Tags, Fügen Sie das erste Tag hinzu!

MARC

LEADER 00000nbm a2200000 4500
001 0206415
005 20161212100002.5
041 0 |a slo 
044 |a SK 
245 1 0 |a Ekonomické vzťahy Ruskej federácie a Spolkovej republiky Nemecko  |b diplomová práca  |c Andrianna Baleha ; školiteľ: Leonid Raneta 
264 1 |a Bratislava  |c 2015 
300 |a 77 s. 
100 1 |a Baleha, Andrianna, 1990- 
700 1 |a Raneta, Leonid, 1982- 
710 2 |a Fakulta medzinárodných vzťahov EU. Katedra medzinárodných ekonomických vzťahov a hospodárskej diplomacie